| 000 | 00918nam a2200253Ia 4500 | ||
|---|---|---|---|
| 001 | 10770 | ||
| 003 | GE_BSU | ||
| 008 | 181216s||||||||xx |||||||||||||| ||und|| | ||
| 020 | _a9789994068043 | ||
| 040 | _cGE_BSU | ||
| 080 | _a821.353.1-1 | ||
| 100 | _aქებურია,ბელა | ||
| 245 | _aჩემს ცისარტყელებს ჩამოათოვა. | ||
| 245 | _bლექსები. | ||
| 245 | _cრედ.მაყვალა გონაშვილი;მხატვ.რუსუდან ფეტვიაშვილი. | ||
| 260 | _aთბილისი. | ||
| 260 | _bეროვნული მწერლობა. | ||
| 260 | _c2007. | ||
| 300 | _a160გვ;20სმ. | ||
| 300 | _eფოტო გარეკანზე. | ||
| 541 | _h6ლ. | ||
| 653 | _aჩემს ცისარტყელებს ჩამოათოვა. | ||
| 942 | _cBK | ||
| 999 |
_c44020 _d44020 |
||